[Event "Challenge"]
[Site "http://www.queenalice.com/game.php?id=176651"]
[Date "2007.3.3"]
[Round "-"]
[White "Gustavo14deltablon"]
[Black "TheBishopsWife"]
[Result "1-0"]
[WhiteElo "1436"]
[BlackElo "1538"]

1. e4 c5 2. Nf3 d6 3. d4 cxd4 4. Nxd4 Nf6 5. Nc3 a6 6. Bg5 e6 7. f4 Be7 8. Qf3
Qc7 9. O-O-O Nbd7 10. g4 b5 11. Bxf6 Bxf6 12. g5 Bxd4 13. Rxd4 Bb7 14. h4 e5 15.
Rd2 b4 16. Nd5 1-0

[Event "Challenge"]
[Site "http://www.queenalice.com/game.php?id=176655"]
[Date "2007.3.3"]
[Round "-"]
[White "TheBishopsWife"]
[Black "ladysuntsu"]
[Result "1-0"]
[WhiteElo "1500"]
[BlackElo "1360"]

1. c4 d5 2. cxd5 Qxd5 3. Nc3 Qd7 4. d4 Nc6 5. Nf3 a6 6. e4 f5 7. e5 b5 8. Be2 e6
9. O-O b4 10. Na4 Bb7 11. Bg5 Be7 12. Nc5 Bxc5 13. dxc5 Qxd1 14. Rfxd1 h6 15.
Be3 g5 16. Bc4 f4 17. Bd2 Na5 18. Bxe6 Bxf3 19. gxf3 Nc4 20. Bxc4 O-O-O 21. Bxg8
Rhxg8 22. Bxb4 g4 23. Rxd8+ Rxd8 24. fxg4 Rd4 25. a3 f3 26. Re1 Rxg4+ 27. Kh1
Rg2 28. Rg1 Rxf2 29. Bc3 Kd7 30. b4 Ke6 31. a4 h5 32. b5 Ra2 33. Rf1 1-0

[Event "Challenge"]
[Site "http://www.queenalice.com/game.php?id=176667"]
[Date "2007.3.3"]
[Round "-"]
[White "TheBishopsWife"]
[Black "markp"]
[Result "0-1"]
[WhiteElo "1711"]
[BlackElo "1407"]

1. c4 Nf6 2. Nc3 Nc6 3. Nf3 e5 4. d3 g6 5. g3 b6 6. Bg2 Bb7 7. O-O d5 8. cxd5
Nxd5 9. a3 Nxc3 10. bxc3 Ne7 11. e4 Bg7 12. a4 Qd6 13. Ba3 Qc6 14. Bxe7 Kxe7 15.
Qc2 Rhd8 16. Rfd1 Rd7 17. Rab1 Rad8 18. Bf1 Ba6 19. c4 f5 20. exf5 gxf5 21. Bg2
e4 22. Ne5 Bxe5 23. dxe4 Bb7 24. f3 Rxd1+ 25. Rxd1 Rxd1+ 26. Qxd1 Qc5+ 27. Kh1
fxe4 28. fxe4 Qxc4 0-1

[Event "Challenge"]
[Site "http://www.queenalice.com/game.php?id=176684"]
[Date "2007.3.3"]
[Round "-"]
[White "TheBishopsWife"]
[Black "Nyvang"]
[Result "0-1"]
[WhiteElo "1610"]
[BlackElo "1320"]

1. c4 g6 2. Nc3 Bg7 3. Nf3 b6 4. g3 Nf6 5. Bg2 Bb7 6. O-O O-O 7. d3 Ng4 8. a3
Bxc3 9. bxc3 e6 10. d4 d5 11. cxd5 exd5 12. Bf4 c5 13. Ne5 Qc8 14. Nxg4 Qxg4 15.
e3 Qf5 16. Be5 Nd7 17. f4 Nf6 18. Bxf6 Qxf6 19. dxc5 Qxc3 20. cxb6 Qxe3+ 21. Kh1
axb6 22. Re1 Qc5 23. Rc1 Qxa3 24. Bxd5 Rfd8 25. Re5 Bxd5+ 26. Kg1 Bf3 27. Qe1
Qb2 28. Qf1 Qd4+ 29. Qf2 Ra2 30. Qxd4 Rxd4 0-1

[Event "Challenge"]
[Site "http://www.queenalice.com/game.php?id=177103"]
[Date "2007.3.4"]
[Round "-"]
[White "Skovtrolden"]
[Black "TheBishopsWife"]
[Result "1-0"]
[WhiteElo "1628"]
[BlackElo "1553"]

1. e4 c5 2. Nc3 Nc6 3. g3 d6 4. Bg2 Nf6 5. d3 a6 6. Nge2 g6 7. O-O Bg7 8. h3 O-O
9. Bg5 b5 10. e5 Bxh3 11. Bxh3 Nxe5 12. Bg2 d5 13. Bxf6 Bxf6 14. Nxd5 Rb8 15.
Nxf6+ exf6 16. d4 cxd4 17. Qxd4 Qxd4 18. Nxd4 1-0

[Event "Challenge"]
[Site "http://www.queenalice.com/game.php?id=181667"]
[Date "2007.3.14"]
[Round "-"]
[White "Guilherme_Mattos"]
[Black "TheBishopsWife"]
[Result "0-1"]
[WhiteElo "1588"]
[BlackElo "1531"]

1. e4 c5 2. Bc4 d6 3. Qh5 e6 4. f4 Nf6 5. Qf3 Nc6 6. d3 Nd4 7. Qg3 Nxc2+ 8. Kd1
Nxa1 9. e5 dxe5 10. fxe5 Nd5 11. Bxd5 Qxd5 12. b3 Nxb3 13. axb3 Qxb3+ 14. Ke1
Qxb1 15. Qe3 Be7 16. Qd2 Qb4 17. Qxb4 cxb4 18. Ne2 O-O 0-1

[Event "Challenge"]
[Site "http://www.queenalice.com/game.php?id=181940"]
[Date "2007.3.14"]
[Round "-"]
[White "Nyvang"]
[Black "TheBishopsWife"]
[Result "1-0"]
[WhiteElo "1541"]
[BlackElo "1517"]

1. g3 g6 2. Bg2 Bg7 3. d4 Nf6 4. e4 c6 5. e5 Nd5 6. Bxd5 cxd5 7. Nf3 O-O 8. O-O
d6 9. Nc3 Be6 10. Ne2 dxe5 11. dxe5 Nc6 12. Re1 Nxe5 13. Nxe5 Bxe5 14. Nd4 Bxd4
15. Qxd4 Qb6 16. Qe5 Qd6 17. Qd4 Bf5 18. Bh6 Qf6 19. Qxf6 exf6 20. Bxf8 Kxf8 21.
Re2 Re8 22. Rd2 a6 23. c3 b5 24. Rxd5 Re2 25. b4 1-0

[Event "Challenge"]
[Site "http://www.queenalice.com/game.php?id=182665"]
[Date "2007.3.15"]
[Round "-"]
[White "bonzinho"]
[Black "TheBishopsWife"]
[Result "1-0"]
[WhiteElo "1100"]
[BlackElo "1502"]

1. c4 d5 2. e3 Nf6 3. cxd5 Nxd5 4. Nc3 Nxc3 5. bxc3 c5 6. Ba3 e5 7. Nf3 Nc6 8.
Bb5 Qc7 9. Qb3 Bd6 10. Ng5 O-O 11. O-O Bd7 12. d4 exd4 13. cxd4 1-0

[Event "Challenge"]
[Site "http://www.queenalice.com/game.php?id=182680"]
[Date "2007.3.15"]
[Round "-"]
[White "rafaelpp"]
[Black "TheBishopsWife"]
[Result "1-0"]
[WhiteElo "1500"]
[BlackElo "1502"]

1. Nc3 Nf6 2. d4 e6 3. Bd2 d5 4. Bf4 Bb4 5. Qd3 O-O 6. O-O-O Bxc3 7. Qxc3 Na6 8.
f3 Bd7 9. e3 Rc8 10. g4 h6 11. Qb3 b6 12. Bxa6 Rb8 13. Qc3 Bc8 14. Bb5 1-0

[Event "Challenge"]
[Site "http://www.queenalice.com/game.php?id=182709"]
[Date "2007.3.15"]
[Round "-"]
[White "Nyvang"]
[Black "TheBishopsWife"]
[Result "1-0"]
[WhiteElo "1595"]
[BlackElo "1502"]

1. g3 d5 2. Bg2 e5 3. b3 Nf6 4. d3 Nc6 5. Nh3 Be7 6. O-O O-O 7. Bb2 h6 8. Ba3
Bxa3 9. Nxa3 a6 10. c3 b5 11. d4 e4 12. Nc2 Bd7 13. Ne3 a5 14. c4 Bxh3 15. cxd5
Bxg2 16. Kxg2 Nxd5 17. Nxd5 Qxd5 18. e3 Rad8 19. Rc1 f5 20. Qh5 Rd7 21. Rc5 Qd6
22. Rxb5 Qe6 23. Rc1 1-0

[Event "Challenge"]
[Site "http://www.queenalice.com/game.php?id=183946"]
[Date "2007.3.18"]
[Round "-"]
[White "crevice"]
[Black "TheBishopsWife"]
[Result "0-1"]
[WhiteElo "1866"]
[BlackElo "1508"]

1. e4 c5 2. c4 Nc6 3. f4 d6 4. Nf3 e6 5. Nc3 Nf6 6. d4 cxd4 7. Nxd4 Nxd4 8. Qxd4
Bd7 9. Be2 a6 10. O-O Be7 11. Be3 O-O 12. Rad1 Bc6 13. Bf3 Qc7 14. f5 e5 15. Qd2
Rad8 16. Qf2 Qc8 17. Nd5 Nxd5 18. cxd5 Bb5 19. Rc1 Qd7 20. Be2 Bxe2 21. Qxe2 Rc8
22. Qg4 Bf6 23. Bg5 Bxg5 24. Qxg5 f6 25. Qg3 Qa4 26. a3 Rxc1 27. Rxc1 Qxe4 0-1

[Event "Challenge"]
[Site "http://www.queenalice.com/game.php?id=184043"]
[Date "2007.3.18"]
[Round "-"]
[White "TheBishopsWife"]
[Black "crevice"]
[Result "0-1"]
[WhiteElo "1510"]
[BlackElo "1864"]

1. a3 c5 2. c4 d5 3. cxd5 Qxd5 4. Nc3 Qd8 5. e4 a6 6. Nf3 Nc6 7. Be2 Bg4 8. O-O
Bxf3 9. Bxf3 Nd4 10. d3 e5 11. Nd5 h6 12. Be3 Nf6 13. Bxd4 cxd4 14. Qa4+ b5 15.
Qb3 Rc8 16. Rac1 Bd6 17. Bh5 Nxh5 0-1